| 000 | 00897nam a2200241 a 4500 | ||
|---|---|---|---|
| 001 | 000003464 | ||
| 005 | 20200929150442.0 | ||
| 008 | 090709s2008 ec c 000 0 spa d | ||
| 020 | _a9789942018137 | ||
| 040 | _aDO-SdBNP | ||
| 082 |
_a986.6 _bR738q |
||
| 100 | 1 |
_aRonh Bautista, Fernando _910788 |
|
| 245 | 1 | 0 |
_aQuito integral : _bY recuerdos de un quiteño amigo / _cFernando Rohn Bautista ; presentación Jorge Salvador Lara. |
| 260 |
_aQuito : _bGrupo Editorial Gráfica Amaranta, _c2008. |
||
| 300 |
_a463 p. : _bretrs. ; _c21 cm. |
||
| 504 | _aIncluye referencias bibliográficas | ||
| 590 | _aLa biblioteca posee un ejemplar autografiado por el autor. | ||
| 651 | 4 |
_aQuito (Ecuador{Rpara} _xHistoria _910789 |
|
| 651 | 4 |
_aQuito (Ecuador{Rpara} _xVida Social Y Costumbres _910790 |
|
| 700 | 0 |
_aSalvador Lara, Jorge _910791 |
|
| 910 | _aValidado. Control de calidad BNPHU | ||
| 049 | _aBNPD | ||
| 999 |
_c3293 _d3293 |
||